000 01727cam a2200385 a 4500
001 16423977
003 OSt
005 20231211133508.0
008 100819s2011 mau b 001 0deng
010 _a 2010034625
020 _a9780674052468 (alk. paper)
020 _a0674052463 (alk. paper)
035 _a(OCoLC)ocn659412960
040 _aDLC
_cDLC
_dYDX
_dYDXCP
_dKZF
_dCDX
_dBWX
_dORX
_dJRS
_dSHH
_dOCL
_dOCLCO
_dOCL
_dIGR
_dVP@
_dDLC
043 _aa-ii---
050 0 0 _aDS446.3
_b.M36 2011
082 0 0 _a954.0099
_bGUH/A
100 1 _aGuha, Ramachandra
_9118
245 0 0 _aADHUNIKA INDIAYUDE SILPIKAL= Makers of modern India /
_cedited by Ramachandra Guha.
250 _a2nd ed.
260 _bD C books,
_c2020.
300 _a373 p. ;
_c24 cm.
650 0 _aPolitical culture
_zIndia
_xHistory
_y18th century
_vSources.
650 0 _aPolitical culture
_zIndia
_xHistory
_y19th century
_vSources.
650 0 _aPolitical culture
_zIndia
_xHistory
_y20th century
_vSources.
650 0 _aPoliticians
_zIndia
_vBiography.
651 0 _aIndia
_xPolitics and government
_y18th century
_vSources.
651 0 _aIndia
_xPolitics and government
_y19th century
_vSources.
651 0 _aIndia
_xPolitics and government
_y20th century
_vSources.
700 1 _aGuha, Ramachandra,
_eeditor.
906 _a7
_bcbc
_corignew
_d1
_eecip
_f20
_gy-gencatlg
942 _2ddc
_cBK
_h954.0099
_iGUH/A
_k954.0099
_mGUH/A
999 _c44154
_d44154